01897nam a2200481 i 450000100060000000300080000600500170001400600190003100700150005000800410006502000180010602000270012403500230015103500240017403500250019803500210022304000310024405000230027508000200029808200180031810000370033624501570037326400370053030000410056733600310060833700330063933800430067249000360071550400290075158801240078059001640090465000480106865000340111665000150115065000320116565100140119765500270121170000420123879700190128083000370129985600620133699900170139839581FlNmELB20241216221816.0m o d | cr cnu||||||||150711s2013 sp ob 000 0 spa d a9788429017403 a9781512904130 (e book) a(MiAaPQ)EBC3428965 a(Au-PeEL)EBL3428965 a(CaPaEBR)ebr11059444 a(OCoLC)949135979 aFINmELBbspaerdacFINmELB 4aKKT3062bR231 2013 a351.777.81(460)0 a346.460452231 aRastrollo Suárez, Juan José.10aPoder público y propiedad privada en el urbanismo :bla junta de compensación /cuan José Rastrollo Suárez ; prólogo de Martín Bassols Coma. 1aMadrid :bEditorial Reus,c2013. a1 recurso en línea (390 páginas) atextobtxt2rdacontent/spa acomputadorabc2rdamedia/spa arecurso en líneabcr2rdacarrier/spa1 aColección Urbanismo y derecho aContiene bibliografía. aDescripción basada en recurso en línea; Título de la página del título en PDF (e-libro, visto July 11, 2015). aRecurso electrónico. Santa Fe, Arg.: e-libro, 2015. Disponible vía World Wide Web. El acceso puede estar limitado para las bibliotecas afiliadas a e-libro. 0aCity planning and redevelopment lawzSpain. 0aPublic administrationzSpain. 4aUrbanismo. 4aAdministración pública. 4aEspaña. 4aLibros electrónicos.1 aBassols Coma, Martín,eprologuista.2 ae-libro, Corp. 0aColección Urbanismo y derecho.40uhttps://elibro.net/ereader/politecnicointernacional/46530 c39581d39581